[Event "Chess Cruise g/15"]
[Site "Odessa/Istanbul UKR/TUR"]
[Date "2006.08.30"]
[Round "6"]
[White "Eingorn, V."]
[Black "Palatnik, S."]
[Result "1-0"]
[WhiteElo "2590"]
[BlackElo "2478"]
[PlyCount "91"]
[EventDate "2006.08.30"]
[EventType "tourn"]
[EventRounds "11"]
[EventCategory "11"]

1. d4 d5 2. c4 e6 3. Nf3 c5 4. e3 Nf6 5. cxd5 exd5 6. Bb5+ Bd7 7. Bxd7+ Nbxd7
8. O-O Be7 9. Nc3 O-O 10. b3 Re8 11. Bb2 Bf8 12. Rc1 Rc8 13. dxc5 Nxc5 14. Ne2
Nfe4 15. Nf4 Qa5 16. a3 Qb5 17. Nd4 Qd7 18. Ba1 Ne6 19. Ndxe6 fxe6 20. Rxc8
Rxc8 21. Qg4 Nd2 22. Rd1 Nxb3 23. Nh5 Kh8 24. Be5 Nc5 25. h4 Re8 26. Rd4 Qf7
27. Rf4 Qg6 28. Qf3 Nd7 29. Rf7 Nf6 30. Rxf6 gxf6 31. Nxf6 Bg7 32. Nxe8 Qxe8
33. Bxg7+ Kxg7 34. Qg4+ Qg6 35. Qd4+ Qf6 36. Qxa7 Qa1+ 37. Kh2 Kg6 38. Qxb7
Qxa3 39. Qd7 Qa6 40. Qe7 Qc6 41. g4 h5 42. gxh5+ Kh6 43. Qf6+ Kh7 44. Qf7+ Kh8
45. h6 Qc3 46. Qxe6 1-0

[Event "Chess Cruise g/15"]
[Site "Odessa/Istanbul UKR/TUR"]
[Date "2006.08.31"]
[Round "7"]
[White "Zhukova, N."]
[Black "Golubev, M."]
[Result "1/2-1/2"]
[WhiteElo "2456"]
[BlackElo "2467"]
[PlyCount "55"]
[EventDate "2006.08.30"]
[EventType "tourn"]
[EventRounds "11"]
[EventCategory "11"]

1. d4 d6 2. c4 e5 3. d5 Be7 4. Nc3 Bg5 5. e3 f5 6. Nf3 Bh6 7. Be2 Nf6 8. b3 O-O
9. Bb2 Na6 10. h4 Ng4 11. Qd2 Nc5 12. Ng5 f4 13. Bxg4 Bxg4 14. f3 fxe3 15. Qxe3
Bf5 16. Rd1 Bg6 17. b4 Nd7 18. Nce4 Nf6 19. Qe2 Nxe4 20. Nxe4 Bxe4 21. fxe4 Qf6
22. Rd3 Qg6 23. g4 Bf4 24. Kd1 a5 25. b5 Rf7 26. Kc2 Raf8 27. Kb3 b6 28. a4
1/2-1/2

[Event "Chess Cruise g/15"]
[Site "Odessa/Istanbul UKR/TUR"]
[Date "2006.08.31"]
[Round "9"]
[White "Klinova, M."]
[Black "Golubev, M."]
[Result "0-1"]
[WhiteElo "2346"]
[BlackElo "2467"]
[PlyCount "72"]
[EventDate "2006.08.30"]
[EventType "tourn"]
[EventRounds "11"]
[EventCategory "11"]

1. e4 c6 2. d4 d5 3. Nc3 dxe4 4. Nxe4 Bf5 5. Ng3 Bg6 6. h4 h6 7. Nf3 Nd7 8. h5
Bh7 9. Bd3 Bxd3 10. Qxd3 e6 11. Bf4 Ngf6 12. O-O-O Be7 13. c4 O-O 14. Kb1 b5
15. Ne5 bxc4 16. Qxc4 Nd5 17. Bc1 Nxe5 18. dxe5 Rb8 19. Ne4 Rb4 20. Qc2 Qb8 21.
Nc5 Bxc5 22. Qxc5 Qxe5 23. Ka1 Rfb8 24. Qc2 a5 25. Rhe1 Qxh5 26. Qxc6 Qg6 27.
Rxd5 exd5 28. Qxd5 a4 29. a3 Rb3 30. Qe4 Qf6 31. Re2 Rxa3+ 32. Kb1 Qb6 33. Be3
Qb3 34. Rc2 Qa2+ 35. Kc1 Qa1+ 36. Kd2 Rxb2 0-1

[Event "Chess Cruise g/15"]
[Site "Odessa/Istanbul UKR/TUR"]
[Date "2006.08.31"]
[Round "10"]
[White "Golubev, M."]
[Black "Lerner, K."]
[Result "1-0"]
[WhiteElo "2467"]
[BlackElo "2523"]
[PlyCount "43"]
[EventDate "2006.08.30"]
[EventType "tourn"]
[EventRounds "11"]
[EventCategory "11"]

1. e4 c5 2. Nf3 d6 3. d4 cxd4 4. Nxd4 Nf6 5. Nc3 a6 6. Bc4 e6 7. Bb3 Nc6 8. Be3
Qc7 9. f4 Be7 10. O-O Nxd4 11. Bxd4 b5 12. e5 dxe5 13. fxe5 Nd7 14. Rxf7 Kxf7
15. Qf3+ Nf6 16. exf6 Bxf6 17. Bxf6 gxf6 18. Qxa8 b4 19. Ne2 Qb6+ 20. Kh1 Rg8
21. Qe4 Bb7 22. Bxe6+ 1-0